Emmanuel Macron Un jeune homme si parfait - Chàng trai hoàn hảo

Ngay từ khi còn nhỏ, Emmanuel Macron – vị Tổng thống Pháp trẻ nhất trong lịch sử này đã giống như một hoàng tử trong mơ – luôn được vinh danh và đạt những thành tích tốt nhất trong mọi hoạt động ông tham gia. Ông đã nhận được sự yêu thưo...

Description complète

Enregistré dans:
Détails bibliographiques
Auteur principal: Fulda, Anne
Autres auteurs: Nguyễn, Quốc Việt
Format: Livre
Langue:Undetermined
Publié: H. Dân Trí 2018
Sujets:
Accès en ligne:http://lrc.tdmu.edu.vn/opac/search/detail.asp?aID=2&ID=35701
Tags: Ajouter un tag
Pas de tags, Soyez le premier à ajouter un tag!
Thư viện lưu trữ: Trung tâm Học liệu Trường Đại học Thủ Dầu Một
LEADER 01999nam a2200217Ia 4500
001 TDMU_35701
008 210410s9999 xx 000 0 und d
082 |a 338.064 
090 |b F510 
100 |a Fulda, Anne 
245 0 |a Emmanuel Macron Un jeune homme si parfait - Chàng trai hoàn hảo 
245 0 |c Anne Fulda; Nguyễn Quốc Việt (dịch) 
260 |a H. 
260 |b Dân Trí 
260 |c 2018 
300 |a 266tr. 
520 |a Ngay từ khi còn nhỏ, Emmanuel Macron – vị Tổng thống Pháp trẻ nhất trong lịch sử này đã giống như một hoàng tử trong mơ – luôn được vinh danh và đạt những thành tích tốt nhất trong mọi hoạt động ông tham gia. Ông đã nhận được sự yêu thương, khuyến khích từ bà ngoại. Bà là người ông gắn bó mật thiết và có ảnh hưởng lớn đến các mối quan hệ của ông với những vị tiền bối đỡ đầu cho sự nghiệp tài chính cũng như chính trị của ông sau này, thậm chí cả mối quan hệ với cựu tổng thống Pháp – François Hollande. Những nhận xét tích cực từ các giáo sư đại học, sự quan tâm và ủng hộ của những chuyên gia dày dạn kinh nghiệm trên con đường sự nghiệp là minh chứng cho thấy ông đã “hấp dẫn” họ dựa vào trí thông minh và sự đồng cảm tinh tế của mình. 
650 |a Emmanuel Macron  |x Tổng thống Pháp  |x Cuộc đời và sự nghiệp; Chính trị gia  |x Tổng thống Pháp  
700 |a Nguyễn, Quốc Việt 
856 |u http://lrc.tdmu.edu.vn/opac/search/detail.asp?aID=2&ID=35701 
980 |a Trung tâm Học liệu Trường Đại học Thủ Dầu Một